Bulgaria UEFA European Championships XIs - Statistics

General Stats
  • This quiz has been taken 60 times
  • The average score is 5 of 22
Answer Stats
Answer % Correct
Hristo Stoichkov
90%
Dimitar Berbatov
76%
Martin Petrov
38%
Stiliyan Petrov
38%
Trifon Ivanov
36%
Vladimir Ivanov
33%
Lyuboslav Penev
24%
Yordan Letchkov
21%
Krasimir Balakov
19%
Zdravko Zdravkov
14%
Ivaylo Petkov
12%
Borislav Mihaylov
10%
Radostin Kishishev
10%
Zlatko Yankov
10%
Ivaylo Yordanov
7%
Marian Hristov
7%
Petar Hubchev
7%
Georgi Peev
5%
Predrag Pažin
5%
Tsanko Tsvetanov
5%
Zoran Janković
5%
Rosen Kirilov
2%
No matching quizzes found
Score Distribution
Percent of People with Each Score
Percentile by Number Answered
Your Score History
You have not taken this quiz